Statistics for Claude Monet Paintings

Click here to take the quiz!

General Stats

  • This quiz has been taken 70 times
    (34 since last reset)
  • The average score is 3 of 10

Answer Stats

Answer% Correct
Water Lilies
73%
Haystacks
53%
Impression, Sunrise
53%
Poppy Field near Argenteuil
30%
Houses of Parliament
23%
Bridge Over a Pond of Lilies
20%
Rouen Cathedral
20%
Cliff Walk at Pourville
7%
La Gare Saint-Lazare
7%
San Giorgio Maggiore at Dusk
0%

Score Distribution

Percentile by Number Answered

Percent of People with Each Score

Your Score History

You have not taken this quiz since the last reset